000
00211 a2200097 4500
001
29923
100
_a
Berry,
245
_a
Religions of the world
260
_a
_b
Brain & Noble London
_c
090
_c
19925
_d
19925
942
_a
NUST-CAE
_c
M
_c
11030
999
_c
264996
_d
264996